Engg. Mechanics of Solids (Record no. 16561)
[ view plain ]
| 000 -LEADER | |
|---|---|
| fixed length control field | 00395nam a2200169Ia 4500 |
| 003 - CONTROL NUMBER IDENTIFIER | |
| control field | OSt |
| 005 - DATE AND TIME OF LATEST TRANSACTION | |
| control field | 20240424115038.0 |
| 008 - FIXED-LENGTH DATA ELEMENTS--GENERAL INFORMATION | |
| fixed length control field | 170619s9999 xx 000 0 und d |
| 020 ## - INTERNATIONAL STANDARD BOOK NUMBER | |
| International Standard Book Number | 9788120308367 |
| 040 ## - CATALOGING SOURCE | |
| Transcribing agency | IIMT ENGINEERING COLLEGE |
| 100 ## - MAIN ENTRY--PERSONAL NAME | |
| Personal name | Papov Egor P |
| 245 #0 - TITLE STATEMENT | |
| Title | Engg. Mechanics of Solids |
| 260 ## - PUBLICATION, DISTRIBUTION, ETC. | |
| Name of publisher, distributor, etc. | New Delhi: PHI |
| 260 ## - PUBLICATION, DISTRIBUTION, ETC. | |
| Date of publication, distribution, etc. | 2002 |
| 546 ## - LANGUAGE NOTE | |
| Language note | ENGLISH |
| 942 ## - ADDED ENTRY ELEMENTS (KOHA) | |
| Source of classification or shelving scheme | |
| Koha item type | Text-Book- for 7 days |
| Withdrawn status | Lost status | Source of classification or shelving scheme | Damaged status | Not for loan | Home library | Current library | Date acquired | Source of acquisition | Total Checkouts | Barcode | Date last seen | Price effective from | Koha item type | Checked out | Date last checked out |
|---|---|---|---|---|---|---|---|---|---|---|---|---|---|---|---|
| IIMT Engineering College-BTech | IIMT Engineering College-BTech | 08/15/2002 | 29 | 06-B-3455 | 07/03/2017 | 07/03/2017 | Text-Book- for 7 days | ||||||||
| IIMT Engineering College-BTech | IIMT Engineering College-BTech | 08/15/2002 | 29 | 06-B-3456 | 07/03/2017 | 07/03/2017 | Text-Book- for 7 days | ||||||||
| IIMT Engineering College-BTech | IIMT Engineering College-BTech | 08/15/2002 | 29 | 06-B-3457 | 07/03/2017 | 07/03/2017 | Text-Book- for 7 days | ||||||||
| IIMT Engineering College-BTech | IIMT Engineering College-BTech | 08/15/2002 | 29 | 2 | 06-B-3458 | 03/23/2026 | 07/03/2017 | Book Bank | 07/31/2026 | 03/23/2026 | |||||
| IIMT Engineering College-BTech | IIMT Engineering College-BTech | 08/15/2002 | 29 | 06-B-3459 | 07/03/2017 | 07/03/2017 | Text-Book- for 7 days | ||||||||
| IIMT Engineering College-BTech | IIMT Engineering College-BTech | 08/15/2002 | 29 | 06-B-3460 | 07/03/2017 | 07/03/2017 | Text-Book- for 7 days | ||||||||
| IIMT Engineering College-BTech | IIMT Engineering College-BTech | 08/15/2002 | 29 | 06-B-3461 | 07/03/2017 | 07/03/2017 | Text-Book- for 7 days | ||||||||
| IIMT Engineering College-BTech | IIMT Engineering College-BTech | 08/15/2002 | 29 | 06-B-3462 | 07/03/2017 | 07/03/2017 | Text-Book- for 7 days | ||||||||
| IIMT Engineering College-BTech | IIMT Engineering College-BTech | 08/15/2002 | 29 | 06-B-3463 | 07/03/2017 | 07/03/2017 | Text-Book- for 7 days | ||||||||
| IIMT Engineering College-BTech | IIMT Engineering College-BTech | 08/15/2002 | 29 | 06-B-3464 | 07/03/2017 | 07/03/2017 | Text-Book- for 7 days |

